000 00921pam a2200277 a 4500
001 2979
005 20250826142333.0
020 _a9780590420440
040 _aDLC
_cDLC
_dDLC
_beng
050 0 0 _aPZ7.Y78
_b 1987
082 0 0 _a813
100 1 _aYolen, Jane
245 1 0 _aOwl moon /
_cby Jane Yolen ; illustrated by John Schoenherr.
250 _aThis edition first printing, September 2006
260 _aNew York :
_bScholastic ,
_c1987
300 _a30 unnumbered pages :
_bcolor illustrations ;
_c28 cm.
505 _aM
520 _aOn a winter's night under a full moon, a father and daughter trek into the woods to see the Great Horned Owl.
521 _a550
_bLexile
521 _aM
_bRaz-Plus
650 1 _aOwls
_xFiction.
650 1 _aFathers and daughters
_xFiction.
700 1 _aSchoenherr, John
_eillustrator
906 _a7
_bcbc
_corignew
_d1
_eocip
_f19
_gy-gencatlg
942 _2ddc
_cBK
_n0
999 _c2979
_d2979